| 000 | 00705nam a2200253 a 4500 | ||
|---|---|---|---|
| 008 | |||
| 020 | _a0073528110 (pbk.) | ||
| 049 | _aMAIN | ||
| 090 |
_aHM447 _bSCH |
||
| 100 | 1 | _aSchaefer, Richard T. | |
| 245 | 1 | 0 |
_aSociology matters / _cRichard E. Schaefer. |
| 260 |
_aBoston : _bMcGraw-Hill, _c2008. |
||
| 300 | _a3rd ed. | ||
| 300 |
_axxiii, 358 p. : _bcol. ill. ; _c23 cm. |
||
| 504 | _aIncludes bibliographical references. | ||
| 500 | _aIncludes index. | ||
| 650 | _aCultural relations. | ||
| 650 | 1 | _aSociology. | |
| 907 |
_a.b10287590 _b18-06-12 _c18-11-10 |
||
| 003 | |||
| 005 | 20230120193607.0 | ||
| 040 | _cNUST | ||
| 942 |
_cBOOKS _kHM447 _mSCH |
||
| 999 |
_c101893 _d101893 |
||